Vista normal Vista MARC

Entrada Personal Name

Número de registros utilizados en: 1

001 - CONTROL NUMBER

  • control field: 65143

003 - CONTROL NUMBER IDENTIFIER

  • control field: OSt

005 - DATE AND TIME OF LATEST TRANSACTION

  • control field: 20250929162507.0

008 - FIXED-LENGTH DATA ELEMENTS

  • fixed length control field: 250929|| aca||aabn | a|a d

040 ## - CATALOGING SOURCE

  • Original cataloging agency: OSt
  • Transcribing agency: OSt

100 ## - HEADING--PERSONAL NAME

  • Personal name: Johnson, Samuel,
  • Dates associated with a name: 1709-1784

670 ## - SOURCE DATA FOUND

  • Source citation: Work cat.: (OSt)59278: Johnson, Samuel, 1709-1784, La historia de Rasselas, príncipe de Abisinia /









Instituto Departamental de Cultura del Meta - Red Departamental de Bibliotecas Públicas del Meta.